Real estate appraisal (Record no. 102439)
[ view plain ]
| 000 -LEADER | |
|---|---|
| fixed length control field | 01646cam a2200253 4500 |
| 008 - FIXED-LENGTH DATA ELEMENTS--GENERAL INFORMATION | |
| fixed length control field | 091216s2007 000 0 eng u |
| 020 ## - INTERNATIONAL STANDARD BOOK NUMBER | |
| International Standard Book Number | 9781405173247 |
| 035 ## - SYSTEM CONTROL NUMBER | |
| System control number | (Sirsi) u119900 |
| 041 ## - LANGUAGE CODE | |
| Language code of text/sound track or separate title | eng |
| 050 ## - LIBRARY OF CONGRESS CALL NUMBER | |
| Classification number | 333.332 |
| 100 ## - MAIN ENTRY--PERSONAL NAME | |
| Personal name | Sayce, S. |
| 245 ## - TITLE STATEMENT | |
| Title | Real estate appraisal |
| Remainder of title | from value and worth |
| Medium | [electronic resource] |
| 260 ## - PUBLICATION, DISTRIBUTION, ETC. | |
| Place of publication, distribution, etc. | Oxford |
| Name of publisher, distributor, etc. | Blackwell |
| Date of publication, distribution, etc. | 2007 |
| 300 ## - PHYSICAL DESCRIPTION | |
| Extent | eBook |
| 520 ## - SUMMARY, ETC. | |
| Summary, etc. | This eBook charts how real estate professional is changing and aligning itself more closely with the world of business. This book takes a new approach to property appraisal by exploring the pricing mechanism in this changing context. It develops the notion of the pricing mechanism in relation to property, covers practical issues of comparison and the real problems in applying valuation theory, and explores calculations - including social and environmental worth - ignored in other texts. As real estate professionals now advise both on strategic and operational aspects of built assets, they must take into account practices of other investment markets and see investors as competitors to owner-occupiers. Examines the latest techniques of the marketplace; developing an understanding of both market appraisal and worth; and highlighting the emerging role of sustainability as a driver for decision-making in real estate. |
| 650 24 - SUBJECT ADDED ENTRY--TOPICAL TERM | |
| Topical term or geographic name entry element | EBOOK |
| 690 ## - LOCAL SUBJECT ADDED ENTRY--TOPICAL TERM (OCLC, RLIN) | |
| Topical term or geographic name as entry element | PROPERTY-PROPERTY VALUATION AND APPRAISAL |
| 700 ## - ADDED ENTRY--PERSONAL NAME | |
| Personal name | Smith, J. |
| 700 ## - ADDED ENTRY--PERSONAL NAME | |
| Personal name | Cooper, R. |
| 700 ## - ADDED ENTRY--PERSONAL NAME | |
| Personal name | Venmore-Rowland, Piers |
| 856 40 - ELECTRONIC LOCATION AND ACCESS | |
| Uniform Resource Identifier | <a href="https://www.vlebooks.com/">https://www.vlebooks.com/</a> |
| Public note | View on VLEbooks. Logins for members only from [email protected] |
| 942 ## - ADDED ENTRY ELEMENTS (KOHA) | |
| Suppress in OPAC | 0 |
| Withdrawn status | Lost status | Damaged status | Not for loan | Home library | Current library | Shelving location | Date acquired | Cost, normal purchase price | Total Checkouts | Full call number | Barcode | Date last seen | Date last checked out | Copy number | Cost, replacement price | Price effective from | Koha item type | Source of classification or shelving scheme |
|---|---|---|---|---|---|---|---|---|---|---|---|---|---|---|---|---|---|---|
| Missing from bundle | London | London | Books | 12/07/2006 | 24.95 | 29 | 333.332 SAY | 30073058 | 06/08/2019 | 13/01/2010 | 1 | 24.95 | 06/08/2019 | Book | ||||
| Virtual | Virtual | Online | 17/12/2009 | EBOOK | 119900-3001 | 06/08/2019 | 1 | 06/08/2019 | Book | Dewey Decimal Classification |